000 00498nam a2200181Ia 4500
008 240925s9999 xx 000 0 und d
020 _a8178082942
082 _a005.44 TAN
100 _aTanenbaum, Andrew S.
245 0 _aDistributed Operating Systems
250 _aNA
260 _aIndiana:
_bPearson Education
_c,2001.
300 _axii,611p.
_bNA
_fPirated
500 _aIncludes Index
600 _aComputer Science
650 _aComputer science, information & general works
942 _cBK
999 _c7305
_d7305